LIBRARY & INFORMATION CENTRE, KCAET, TAVANUR

ONLINE PUBLIC ACCESS CATALOGUE (OPAC)

Household food processing and preservation / (Record no. 13494)

MARC details
000 -LEADER
fixed length control field 00483cam a2200181ua 4500
041 ## - LANGUAGE CODE
Language code of text/sound track or separate title eng
082 ## - DEWEY DECIMAL CLASSIFICATION NUMBER
Classification number 664.02
Item number KAL/HO
100 ## - MAIN ENTRY--AUTHOR NAME
Personal name Kalia, Manoranjan .
245 ## - TITLE STATEMENT
Title Household food processing and preservation /
260 ## - PUBLICATION, DISTRIBUTION, ETC. (IMPRINT)
Place of publication Udaypur :
Name of publisher Agro-tech publishing academy ,
Year of publication 2004.
300 ## - PHYSICAL DESCRIPTION
Number of Pages ; .
700 1# - ADDED ENTRY--PERSONAL NAME
Personal name Sood, Sangita .
942 ## - ADDED ENTRY ELEMENTS (KOHA)
Koha item type Books
Holdings
Withdrawn status Lost status Damaged status Home library Current library Date acquired Full call number Accession Number Koha item type
      KAUAET KAUAET 07/04/2012 664.02 22089 Books
free website counter